الفصام بين القيادتين الفكرية والسياسية في الإسلام : دراسة للعهدين الأموي والعباسي /
Saved in:
| Main Author: | |
|---|---|
| Format: | Thesis |
| Language: | Arabic |
| Published: |
Petaling Jaya, Selangor :
Jami'ah al-Islamiyah al-'Alamiyah,
1995
|
| Subjects: | |
| Online Access: | http://studentrepo.iium.edu.my/handle/123456789/8620 |
| Tags: |
Add Tag
No Tags, Be the first to tag this record!
|
| LEADER | 020780000a22004450004500 | ||
|---|---|---|---|
| 001 | 135530 | ||
| 005 | 20231010162337.0 | ||
| 008 | 960704s1995 my 000 0 ara | ||
| 035 | |a 456076 | ||
| 035 | |a (Sirsi) 135530 | ||
| 040 | |a UIAM |b eng | ||
| 041 | |a ara | ||
| 043 | |a a-my--- | ||
| 050 | 0 | 0 | |a JC49 |
| 100 | 1 | |a Omer, Spahic, |d 1968- | |
| 242 | 1 | 3 | |a al-Fisam bayna al-qiyadatayn al-fikriyah wa-al-siyasiyah fi al-Islam : |b dirasah lil-'ahdayn al-Umawi wa-al-'Abbasi |
| 245 | 1 | 2 | |a الفصام بين القيادتين الفكرية والسياسية في الإسلام : |b دراسة للعهدين الأموي والعباسي / |c إعداد سباهيتش عمر |
| 260 | 1 | |a Petaling Jaya, Selangor : |b Jami'ah al-Islamiyah al-'Alamiyah, |c 1995 | |
| 300 | |a 136 p. ; |c 31 cm. | ||
| 336 | |2 rdacontent |a text | ||
| 337 | |2 rdamedia |a unmediated | ||
| 337 | |2 rdamedia |a computer | ||
| 338 | |2 rdacarrier |a volume | ||
| 338 | |2 rdacarrier |a online resource | ||
| 347 | |2 rdaft |a Text file |b PDF | ||
| 500 | |a Includes bibliographical references (p. 126-136). | ||
| 502 | |a Thesis (M.A.)--International Islamic University Malaysia, 1995 | ||
| 650 | 0 | |a Islam and state | |
| 650 | 0 | |a Abbasids | |
| 651 | 0 | |a Islamic Empire |x History |y 622-750 | |
| 651 | 0 | |a Islamic Empire |x History |y 750-1258 | |
| 651 | 0 | |a Islamic Empire |x Intellectual life | |
| 655 | 0 | 7 | |a Theses, IIUM local |
| 856 | 4 | |u http://studentrepo.iium.edu.my/handle/123456789/8620 | |
| 900 | |a afa-amar-naw-nbm | ||
| 942 | |2 lcc |n 0 |c THESIS | ||
| 999 | |c 430977 |d 462468 | ||
| 952 | |0 0 |1 0 |2 lcc |4 0 |6 LU T J C49 O00055F 01995 |7 3 |8 IIUMTHESIS |9 750616 |a IIUM |b IIUM |c CLOSEACCES |d 2023-10-10 |g 0.00 |o lu t JC 49 O55F 1995 |p 00010981441 |r 2017-10-25 |t 1 |v 0.00 |y THESIS | ||
| 952 | |0 0 |1 0 |2 lcc |4 0 |6 LU T J C49 O00055F 01995 |7 3 |8 IIUMTHESIS |9 750617 |a IIUM |b IIUM |c CLOSEACCES |d 2023-10-10 |g 0.00 |o lu t JC 49 O55F 1995 |p 00000456079 |r 2017-10-25 |t 2 |v 0.00 |y THESIS | ||
| 952 | |0 0 |1 0 |2 lcc |4 0 |6 T J C49 O00055F 01995 |7 3 |8 IIUMTHESIS |9 750618 |a IIUM |b IIUM |c THESIS |d 2023-10-10 |g 0.00 |o t JC 49 O55F 1995 |p 00011284514 |r 2017-10-19 |t 1 |v 0.00 |y THESIS | ||
